Memphis Grizzlies 2010s Top 10 Leaders - Statistics

General Stats
  • This quiz has been taken 108 times
  • The average score is 7 of 19
Answer Stats
Player % Correct
Marc Gasol
99%
Mike Conley
96%
Zach Randolph
92%
Tony Allen
79%
Rudy Gay
62%
O.J. Mayo
46%
JaMychal Green
32%
Vince Carter
32%
Courtney Lee
26%
Sam Young
13%
Ed Davis
12%
Hasheem Thabeet
11%
Jarell Martin
9%
Jerryd Bayless
9%
Darrell Arthur
8%
Kosta Koufos
8%
Mario Chalmers
8%
Nick Calathes
8%
Andrew Harrison
7%
No matching quizzes found
Score Distribution
Percent of People with Each Score
Percentile by Number Answered
Your Score History
You have not taken this quiz